00752pab a2200145 454500008004000000100001900040245003500059260000900094300001500103362001000118520038600128650003500514650002300549773003400572180718b1999 xxu||||| |||| 00| 0 eng d aFabre, Guilhem aChina in the East Asian crisis c1999 ap.3191-194 a6 Nov aIn the post-east Asian crisis period, the structural problems in the Chinese economy, linked with the legacy of Dengist reforms, are becoming apparent. Besides the increasing regional disparity, new wealth generated continues to be massively concentrated in few hands, while large segments of population have experienced absolute decline of revenues in last two years. - Reproduced aEconomic recession - East Asia aEconomic recession aEconomic and Political Weekly